| 000 | 00808nam a2200229 a 4500 | ||
|---|---|---|---|
| 001 | 39173 | ||
| 003 | BD-RjUL | ||
| 005 | 20211209052932.0 | ||
| 008 | 160405s2013 bg ||||| |||| 00| 0 ben d | ||
| 020 |
_a9847000002112 _c: TK.170.00 |
||
| 035 | _a(BD-RjUL) | ||
| 040 |
_aBD-RjUL _bben _cBD-RjUL |
||
| 041 | _aben | ||
| 082 |
_223 _a891.441 _bKAN 2013 |
||
| 100 |
_aকায়সার, শান্তনু _9120842 |
||
| 245 |
_aনজরুল কেন নজরুল / _cশান্তনু কায়সার |
||
| 260 |
_aঢাকা : _bজাতীয় সাহিত্য প্রকাশ; _c২০১৩ |
||
| 300 |
_a১১১ পৃ. : _c২১ সেমি. |
||
| 650 |
_aনজরুলের জীবনী _9120843 |
||
| 650 |
_aHistory of Nazrul _9120844 |
||
| 942 |
_2ddc _cBK |
||
| 999 |
_c39173 _d39173 |
||